| 000 | 00381nam a2200133Ia 4500 | ||
|---|---|---|---|
| 008 | 220214s9999 xx 000 0 und d | ||
| 022 | _a0167-1987 | ||
| 245 | 0 | _aSOIL AND TILLAGE RESEARCH | |
| 260 | _bElsevier Science Publishers, Amsterdam, The Netherlands | ||
| 310 | _aSQ | ||
| 500 | _aEnding Volume & Year: 10, 1987 | ||
| 500 | _aStarting Volume & Year: 1, 1980 | ||
| 942 | _cBJ | ||
| 999 |
_c10221 _d10221 |
||